000 00293nam a2200133Ia 4500
100 _aNiit
942 _cBK
654 _atools
245 _aHacking tools and techniques and incident handling
260 _bPrentice Hall
_c2003
082 _a4.6
_bNII
300 _a355
546 _aENGLISH
999 _c18416
_d18416